Les films les plus regardés de Netflix - Statistiques

Statistiques générales
  • Ce quiz a été pris 183 fois
  • Le résultat moyen est 2 sur 11
Statistiques - réponses
Rang Nombre d'heures Films % Correct
5 209 M The Kissing Booth 2
59%
1 364 M Red Notice
29%
2 282 M Bird Box
24%
8 190 M Enola Holmes
17%
4 215 M The Irishman
11%
6 205 M 6 Underground
8%
3 231 M Extraction
7%
9 187 M Army of the Dead
3%
11 170 M Murder Mystery
3%
10 186 M The Old Guard
3%
7 197 M Spenser Confidential
2%
Aucun quiz correspondant
Distribution des résultats
% des personnes avec chaque résultat
Percentile par nombre de réponses
Votre historique - résultats
Vous n’avez pas pris ce quiz